LEADER 00664nam0-22002771i-450- 001 990003501570403321 005 20001010 035 $a000350157 035 $aFED01000350157 035 $a(Aleph)000350157FED01 035 $a000350157 100 $a20000920d1975----km-y0itay50------ba 101 0 $aita 105 $ay-------001yy 200 1 $aSince Columbus 210 $a$c$d1975 225 1 $a 700 1$aJones,$bPeter d'Alroy$0121586 801 0$aIT$bUNINA$gRICA$2UNIMARC 901 $aBK 912 $a990003501570403321 952 $aSE 086.03.06-$b3515$fDECSE 959 $aDECSE 996 $aSince Columbus$9497132 997 $aUNINA DB $aING01